Stratégie v reklame, marketingu a médiách
| Previous Title: | Stratégie na Slovensku |
|---|---|
| Other Authors: | |
| Format: | Journal |
| Language: | Slovak |
| PhysicalDescription: | zv. 30-33 cm Má Online vydanie |
| Published: |
Bratislava
Strategie na Slovensku
1996-
Bratislava Sanoma Magazines Slovakia Bratislava Ecopress Magazines Bratislava Ecopress Bratislava MAFRA Slovakia |
| ISSN: | 1335-2016 1337-0251 1335-0889 |
| Subjects: | |
| Online Access: | http://strategie.hnonline.sk/ http://www.floowie.com/sk/ecopress#shelf1=1/725/title |
MARC
| LEADER | 00000cas a2200000 a 4500 | ||
|---|---|---|---|
| 001 | vtls001467591 | ||
| 003 | SK-MaSNL | ||
| 005 | 20260512040401.0 | ||
| 008 | 250218c19969999xo mr p 0 0b0slo | ||
| 022 | |a 1335-2016 |y 1335-0889 | ||
| 035 | |a SNK000422896 | ||
| 035 | |a (SVKBB03)vtls000047288 | ||
| 040 | |a SNK |b slo |c SNK |d SAVUK |e AACR2 | ||
| 041 | 0 | |a slo | |
| 044 | |a xo |c SK | ||
| 072 | 7 | |a 659 |x Reklama. Public relations. Médiá |2 konspekt | |
| 080 | |a 339.138 |2 2011 | ||
| 080 | |a 659.1 |2 2011 | ||
| 080 | |a 050 |2 2001 | ||
| 080 | |a (051)-048.55 |2 2011 | ||
| 080 | |a 659.443/.446 |2 2011 | ||
| 210 | 0 | |a Stratégie |b (Tlačené vyd.) | |
| 222 | 0 | |a Stratégie |b (Tlačené vydanie) | |
| 245 | 0 | 0 | |a Stratégie |b v reklame, marketingu a médiách |
| 246 | 3 | 1 | |a Stratégie |b odborný mesačník o marketingu, reklame a médiách |
| 260 | |a Bratislava |b Strategie na Slovensku |c 1996- | ||
| 260 | 2 | |3 Č. jún (2002)-č. júl (2010) |a Bratislava |b Sanoma Magazines Slovakia | |
| 260 | 2 | |3 Č. aug. (2010)-č. dec. (2010) |a Bratislava |b Ecopress Magazines | |
| 260 | 2 | |3 2011-2014 |a Bratislava |b Ecopress | |
| 260 | 3 | |3 2015- |a Bratislava |b MAFRA Slovakia | |
| 300 | |a zv. |c 30-33 cm | ||
| 310 | |a 1x mesačne | ||
| 362 | 0 | |a 1996- | |
| 500 | |a Podnázvy sa menia | ||
| 500 | |a V r. 1996-1997 rozmer zv. 30 cm | ||
| 500 | |a Reg. číslo: MK SR 1128/94 | ||
| 500 | |a Evidenčné číslo: EV 3682/09 | ||
| 500 | |a Šéfredaktori sa menia | ||
| 500 | |a Editor: 1996-2000, Pavel Hapák | ||
| 500 | |a Od r. 2010-2014 v niektorých číslach je zvratmo tlačená obálka | ||
| 500 | |a Od č. jan.-nov. (1996) v tiráži uvedené ISSN 1335-0889, ktoré patrí čas. Stratégie na Slovensku | ||
| 515 | |a V r. 1996 je vložený register, ktorý uvádza č. roč. I (1995) ; v r. 1997 je vložený register, ktorý uvádza č. roč. II (1996) a č. roč. III (1997) ; v r. 2000 je vložený register, ktorý uvádza č. roč. V (1999) | ||
| 515 | |a Ročníkovanie sa neuvádza v rokoch 1998, 2000, 2006-2012 | ||
| 515 | |a Roky 2020 a 2021 majú uvedený rovnaký ročník | ||
| 525 | |a Má viacero príloh, ktoré sú zamerané na rôznu tématiku | ||
| 525 | |a Samostatné prílohy: ročenky - Top ... v slovenskej reklame ; Reklamné agentúry ; Top 100 zadávateľov a značiek ; Almanach reklamy a médií ; Kronika marketingovej komunikácie ; Digital katalóg | ||
| 525 | |a Samostatné prílohy: Out and in door ; Profi predaj ; Top udalosti ... ; Kto je kto ... ; Digitálne agentúry ; PR agentúry ; Mediálne agentúry a médiá ... ; Marketingový výskum ; Eventy ... ; Top v marketingovej komunikácii ... ; Športový marketing ... ; Interná komunikácia ... ; Televízna jeseň ... ; Produkcia ... ; Love brand ... ; Výkonnostné agentúry ... ; Zelená príloha ... | ||
| 530 | |a Má Online vydanie | ||
| 650 | 0 | 7 | |a marketing |2 SNKPH |9 2299 |
| 650 | 0 | 7 | |a reklama a propagácia |2 SNKPH |9 66573 |
| 650 | 0 | 7 | |a médiá |2 SNKPH |9 1424 |
| 650 | 0 | 7 | |a Advertising |2 SNKPHeng |9 267406 |
| 650 | 0 | 7 | |a médiá |2 SNKPHeng |9 1424 |
| 655 | 7 | |a špecializované časopisy |2 SNKPH |9 70509 | |
| 655 | 7 | |a Specialized magazines |2 SNKPHeng |9 266103 | |
| 700 | 1 | |a Hapák, Pavel, |d 1961- |4 edt |9 167422 | |
| 770 | 0 | |t Top ... v slovenskej reklame |w vtls011766079 | |
| 770 | 0 | |t Reklamné agentúry |w vtls011765705 | |
| 770 | 0 | |t Top 100 zadávateľov a značiek |w vtls011766274 | |
| 770 | 0 | |t Almanach reklamy a médií |w vtls001474034 | |
| 770 | 0 | |t Kronika marketingovej komunikácie |w vtls012065775 | |
| 770 | 0 | |t Digital katalóg |w vtls012066228 | |
| 770 | 0 | |t Out and in door |w vtls011765812 | |
| 770 | 0 | |t Profi predaj |w vtls008880724 | |
| 770 | 0 | |t Top v marketingovej komunikácii ... |w vtls012066630 | |
| 770 | 0 | |t Eventy ... |w vtls012066490 | |
| 770 | 0 | |t Marketingový výskum ... |w vtls012066573 | |
| 770 | 0 | |t Mediálne agentúry a médiá ... |w vtls012066518 | |
| 770 | 0 | |t PR agentúry ... |w vtls012066328 | |
| 770 | 0 | |t Digital ... |w vtls012066367 | |
| 770 | 0 | |t Kto je kto ... |w vtls012066222 | |
| 770 | 0 | |t Top udalosti ... |w vtls012066274 | |
| 770 | 0 | |t Športový marketing ... |w vtls012268167 | |
| 770 | 0 | |t Produkcia ... |w vtls012268163 | |
| 770 | 0 | |t Televízna jeseň ... |w vtls012271176 | |
| 770 | 0 | |t Interná komunikácia ... |w vtls012268226 | |
| 770 | 0 | |t Love brand ... |w vtls012267820 | |
| 770 | 0 | |t Výkonnostné agentúry ... |w vtls012271252 | |
| 770 | 0 | |t Zelená príloha ... |w vtls012271290 | |
| 776 | 0 | |t Stratégie (Online) |x 1337-0251 | |
| 780 | 0 | 0 | |t Stratégie na Slovensku |x 1335-0889 |w vtls008946913 |
| 856 | 4 | 1 | |u http://strategie.hnonline.sk/ |
| 856 | 4 | 1 | |u http://www.floowie.com/sk/ecopress#shelf1=1/725/title |
| 910 | |a savuk | ||
| 910 | |a snk | ||
| 999 | |c 4885 |d 6815 | ||
| 952 | |t č. jan.-jún |a SNK |b SNK |y PREZ |7 0 |p 17A1433222 |o snkČSB 4920/25/2019/1 |i snk2020/22081 |8 0 |0 0 |1 0 |4 0 |d 2020-12-08 |l 0 |r 2026-02-21 19:24:31 |w 2026-02-21 | ||
| 952 | |t č. júl-dec. |a SNK |b SNK |y PREZ |7 0 |p 17A1433221 |o snkČSB 4920/25/2019/2 |i snk2020/22083 |8 0 |0 0 |1 0 |4 0 |d 2020-12-08 |l 0 |r 2026-02-21 19:24:31 |w 2026-02-21 | ||
| 952 | |t č. jan.-jún |a SNK |b SNK |y PREZ |7 0 |p 17A1433214 |o snkČSB 4920/24/2018/1 D1 |i snk2020/22166 |8 0 |0 0 |1 0 |4 0 |d 2020-12-08 |l 0 |r 2026-02-21 19:24:35 |w 2026-02-21 | ||
| 952 | |t č. júl-dec. |a SNK |b SNK |y PREZ |7 0 |p 17A1433213 |o snkČSB 4920/24/2018/2 D1 |i snk2020/22170 |8 0 |0 0 |1 0 |4 0 |d 2020-12-08 |l 0 |r 2026-02-21 19:24:35 |w 2026-02-21 | ||
| 952 | |a SNK |b SNK |y PREZ |7 0 |p 17A1266923 |o snkČSB 4920/9/2002/1/príl. |i snkČSP 870/2003 |z Prílohy: Stratégie plus ; Sign ; Médiá 2001 |0 0 |1 0 |4 0 |d 2018-01-17 |l 0 |r 2026-02-21 19:32:00 |w 2026-02-21 | ||
| 952 | |a SNK |b SNK |y PREZ |7 0 |p 17A0248035 |o snkČSB 4920/3/1997/2 D1 |0 0 |1 0 |4 0 |d 2000-08-04 |l 0 |r 2005-01-02 00:00:00 |w 2026-02-21 | ||
| 952 | |t č. júl-dec. + príl. |a SNK |b SNK |y PREZ |7 0 |p 17A0315437 |o snkČSB 4920/3/1997/2 |i snkČSP 2421/99 |z Prílohy: Postskriptum stratégie ; Signmaking - sú zviazané s materským titulom |0 0 |1 0 |4 0 |d 2001-09-17 |l 0 |r 2005-01-02 00:00:00 |w 2026-02-21 | ||
| 952 | |t č. jan.-jún |a SNK |b SNK |y PREZ |7 0 |p 17A0406112 |o snkČSB 4920/9/2002/1 |i snkČSP 870/2003 |0 0 |1 0 |4 0 |d 2003-11-24 |l 0 |r 2005-01-02 00:00:00 |w 2026-02-21 | ||
| 952 | |t č. júl-dec. |a SNK |b SNK |y PREZ |7 0 |p 17A0406110 |o snkČSB 4920/9/2002/2 |i snkČSP 872/2003 |0 0 |1 0 |4 0 |d 2003-11-24 |l 0 |r 2005-01-02 00:00:00 |w 2026-02-21 | ||
| 952 | |a SNK |b SNK |y PREZ |7 0 |p 17A0425976 |o snkČSB 4920/9/2002/1 D1 |i snkČSP 871/2003 |0 0 |1 0 |4 0 |d 2004-04-16 |l 0 |r 2005-01-02 00:00:00 |w 2026-02-21 | ||
| 952 | |a SNK |b SNK |y PREZ |7 0 |p 17A0248162 |o snkČSB 4920/3/1997/1 D1 |0 0 |1 0 |4 0 |d 2000-08-04 |l 0 |r 2005-01-02 00:00:00 |w 2026-02-21 | ||
| 952 | |t č. jan.-jún + príl. |a SNK |b SNK |y PREZ |7 0 |p 17A0315436 |o snkČSB 4920/3/1997/1 |i snkČSP 2419/99 |z Prílohy: Postskriptum stratégie - v každom čísle ; Signmaking - v č. 2 - sú zviazané s materským titulom ; Číslo roč. je uvedené v registri |0 0 |1 0 |4 0 |d 2001-09-17 |l 0 |r 2005-01-02 00:00:00 |w 2026-02-21 | ||
| 952 | |a SNK |b SNK |y PREZ |7 0 |p 17A0425023 |o snkČSB 4920/1999/2 D1 |i snkČSP 2199/2000 |0 0 |1 0 |4 0 |d 2004-04-06 |l 0 |r 2005-01-02 00:00:00 |w 2026-02-21 | ||
| 952 | |t č. jan.-júl |a SNK |b SNK |y PREZ |7 0 |p 17A1521864 |o snkČSB 4920/26/2020/1 D1 |i snk2023/15193 |8 0 |0 0 |1 0 |4 0 |d 2023-10-20 |l 0 |r 2026-02-21 19:50:16 |w 2026-02-21 | ||
| 952 | |t 8 ks |a SNK |b SNK |y PREZ |7 0 |p 17A1521865 |o snkČSB 4920/26/2020/príl. D1 |i snk2023/15201 |8 0 |z Príl.: Marketingový výskum, TOP udalosti 2019, TOP zadávatelia 2019, Digitálne agentúry 2020, PR agentúry 2020, Mediálne agentúry 2020, TOP v marketingovej komunikácii, 3D superkatalóg |0 0 |1 0 |4 0 |d 2023-10-20 |l 0 |r 2026-02-21 19:50:16 |w 2026-02-21 | ||
| 952 | |t č. jan.-jún |a SNK |b SNK |y PREZ |7 0 |p 17A1521866 |o snkČSB 4920/26/2021/1 |i snk2023/15206 |8 0 |0 0 |1 0 |4 0 |d 2023-10-20 |l 0 |r 2026-02-21 19:50:16 |w 2026-02-21 | ||
| 952 | |t č. júl-dec. |a SNK |b SNK |y PREZ |7 0 |p 17A1521867 |o snkČSB 4920/26/2021/2 |i snk2023/15207 |8 0 |0 0 |1 0 |4 0 |d 2023-10-20 |l 0 |r 2026-02-21 19:50:16 |w 2026-02-21 | ||
| 952 | |t 3 ks |a SNK |b SNK |y PREZ |7 0 |p 17A1521868 |o snkČSB 4920/26/2021/príl. |i snk2023/15210 |8 0 |z Dekáda v marketingovej komunikácii, Top osobnosti dekády, Top komunikácie 2021 |0 0 |1 0 |4 0 |d 2023-10-20 |l 0 |r 2026-02-21 19:50:16 |w 2026-02-21 | ||
| 952 | |t č. jan.-jún |a SNK |b SNK |y PREZ |7 0 |p 17A1521869 |o snkČSB 4920/27/2022/1 |i snk2023/15214 |8 0 |0 0 |1 0 |4 0 |d 2023-10-20 |l 0 |r 2026-02-21 19:50:16 |w 2026-02-21 | ||
| 952 | |t č. júl-dec. |a SNK |b SNK |y PREZ |7 0 |p 17A1521870 |o snkČSB 4920/27/2022/2 |i snk2023/15216 |8 0 |0 0 |1 0 |4 0 |d 2023-10-20 |l 0 |r 2026-02-21 19:50:16 |w 2026-02-21 | ||
| 952 | |t 2 ks |a SNK |b SNK |y PREZ |7 0 |p 17A1521871 |o snkČSB 4920/27/2022/príl. |i snk2023/15217 |8 0 |z Focus na mladých 2022, CSR Trendy zodpovedných firiem |0 0 |1 0 |4 0 |d 2023-10-20 |l 0 |r 2026-02-21 19:50:16 |w 2026-02-21 | ||
| 952 | |t č. jan.-jún |a SNK |b SNK |y PREZ |7 0 |p 17A1524293 |o snkČSB 4920/26/2021/1 D1 |i snk2024/13940 |8 0 |0 0 |1 0 |4 0 |d 2024-09-05 |l 0 |r 2026-02-21 19:50:32 |w 2026-02-21 | ||
| 952 | |t č. júl-dec. |a SNK |b SNK |y PREZ |7 0 |p 17A1524294 |o snkČSB 4920/26/2021/2 D1 |i snk2024/13941 |8 0 |0 0 |1 0 |4 0 |d 2024-09-05 |l 0 |r 2026-02-21 19:50:32 |w 2026-02-21 | ||
| 952 | |t 15 ks |a SNK |b SNK |y PREZ |7 0 |p 17A1524295 |o snkČSB 4920/26/2021/príl. D1 |i snk2024/13943 |8 0 |0 0 |1 0 |4 0 |d 2024-09-05 |l 0 |r 2026-02-21 19:50:32 |w 2026-02-21 | ||
| 952 | |t č. jan.-jún |a SNK |b SNK |y PREZ |7 0 |p 17A1524296 |o snkČSB 4920/27/2022/1 D1 |i snk2024/13944 |8 0 |0 0 |1 0 |4 0 |d 2024-09-05 |l 0 |r 2026-02-21 19:50:32 |w 2026-02-21 | ||
| 952 | |t č. júl-dec. |a SNK |b SNK |y PREZ |7 0 |p 17A1524297 |o snkČSB 4920/27/2022/2 D1 |i snk2024/13945 |8 0 |0 0 |1 0 |4 0 |d 2024-09-05 |l 0 |r 2026-02-21 19:50:32 |w 2026-02-21 | ||
| 952 | |t 15 ks |a SNK |b SNK |y PREZ |7 0 |p 17A1524298 |o snkČSB 4920/27/2022/príl. D1 |i snk2024/13946 |8 0 |0 0 |1 0 |4 0 |d 2024-09-05 |l 0 |r 2026-02-21 19:50:41 |w 2026-02-21 | ||
| 952 | |t č. júl-dec. |a SNK |b SNK |y PREZ |7 0 |p 17A1524299 |o snkČSB 4920/28/2023/2 |i snk2024/13947 |8 0 |0 0 |1 0 |4 0 |d 2024-09-05 |l 0 |r 2026-02-21 19:50:41 |w 2026-02-21 | ||
| 952 | |t jan.-máj |a SNK |b SNK |y PREZ |7 0 |p 17A1524300 |o snkČSB 4920/28/2023/1 |i snk2024/13948 |8 0 |z Č. jún nevydali (júl je vydaný v júni takže akoby júl bol dvojčíslo) |0 0 |1 0 |4 0 |d 2024-09-05 |l 0 |r 2026-02-21 19:50:41 |w 2026-02-21 | ||
| 952 | |t č. aug.-dec. |a SNK |b SNK |y PREZ |7 0 |p 17A1524640 |o snkČSB 4920/26/2020/2 D1 |i snk2024/17140 |8 1 |0 0 |1 0 |4 0 |d 2024-11-12 |l 0 |r 2026-02-21 19:52:50 |w 2026-02-21 | ||
| 952 | |t č. jan.-jún |a SNK |b SNK |y PREZ |7 0 |p 17A1435927 |o snkČSB 4920/25/2019/1 D1 |i snk2021/13691 |8 0 |0 0 |1 0 |4 0 |d 2021-09-24 |l 0 |r 2026-02-21 19:53:19 |w 2026-02-21 | ||
| 952 | |t č. júl-dec. |a SNK |b SNK |y PREZ |7 0 |p 17A1435928 |o snkČSB 4920/25/2019/2 D1 |i snk2021/13695 |8 0 |0 0 |1 0 |4 0 |d 2021-09-24 |l 0 |r 2026-02-21 19:53:19 |w 2026-02-21 | ||
| 952 | |t č. jan.-jún |a SNK |b SNK |y PREZ |7 0 |p 17A1435929 |o snkČSB 4920/26/2020/1 |i snk2021/13710 |8 0 |0 0 |1 0 |4 0 |d 2021-09-24 |l 0 |r 2026-02-21 19:53:21 |w 2026-02-21 | ||
| 952 | |t č. júl-dec. |a SNK |b SNK |y PREZ |7 0 |p 17A1435930 |o snkČSB 4920/26/2020/2 |i snk2021/13715 |8 0 |0 0 |1 0 |4 0 |d 2021-09-24 |l 0 |r 2026-02-21 19:53:21 |w 2026-02-21 | ||
| 952 | |t 12 ks |a SNK |b SNK |y PREZ |7 0 |p 17A1435931 |o snkČSB 4920/26/2020/príl. |i snk2021/13720 |8 0 |z Prílohy: Top udalosti 2019, Top zadávatelia 2019,Digitálne agentúry 2020, PR agentúry 2020, Mediálne agentúry 2020, TOP v marketingovej komunikácii, Marketingový výskum, 3D superkatalóg, Eventy 2020, OUT & in DOOR, Kto je kto (edícia V.), Reklamné agentúry |0 0 |1 0 |4 0 |d 2021-09-24 |l 0 |r 2026-02-21 19:53:21 |w 2026-02-21 | ||
| 952 | |t č. jan.-jún |a SNK |b SNK |y PREZ |7 0 |p 17A0719242 |o snkČSB 4920/2007/1 |i snk2012/4041 |8 0 |0 0 |1 0 |4 0 |d 2012-02-15 |l 0 |r 2026-02-21 20:17:29 |w 2026-02-21 | ||
| 952 | |t č. 1-6 + 8 príl. |a SNK |b SNK |y PREZ |7 0 |p 17A0719244 |o snkČSB 4920/2007/1 D1 |i snk2012/4044 |8 0 |0 0 |1 0 |4 0 |d 2012-02-15 |l 0 |r 2026-02-21 20:17:29 |w 2026-02-21 | ||
| 952 | |t č. júl-dec. |a SNK |b SNK |y PREZ |7 0 |p 17A0719243 |o snkČSB 4920/2007/2 |i snk2012/4045 |8 0 |0 0 |1 0 |4 0 |d 2012-02-15 |l 0 |r 2026-02-21 20:17:29 |w 2026-02-21 | ||
| 952 | |t č. 7-12 + 11 príl. |a SNK |b SNK |y PREZ |7 0 |p 17A0719245 |o snkČSB 4920/2007/2 D1 |i snk2012/4046 |8 0 |0 0 |1 0 |4 0 |d 2012-02-15 |l 0 |r 2026-02-21 20:17:29 |w 2026-02-21 | ||
| 952 | |t č. jan.-jún |a SNK |b SNK |y PREZ |7 0 |p 17A0719246 |o snkČSB 4920/2008/1 |i snk2012/4049 |8 0 |0 0 |1 0 |4 0 |d 2012-02-15 |l 0 |r 2026-02-21 20:17:29 |w 2026-02-21 | ||
| 952 | |t č. 1-6 + 11 príl. |a SNK |b SNK |y PREZ |7 0 |p 17A0719248 |o snkČSB 4920/2008/1 D1 |i snk2012/4052 |8 0 |0 0 |1 0 |4 0 |d 2012-02-15 |l 0 |r 2026-02-21 20:17:29 |w 2026-02-21 | ||
| 952 | |t č. jún-dec. |a SNK |b SNK |y PREZ |7 0 |p 17A0719247 |o snkČSB 4920/2008/2 |i snk2012/4054 |8 0 |0 0 |1 0 |4 0 |d 2012-02-15 |l 0 |r 2026-02-21 20:17:29 |w 2026-02-21 | ||
| 952 | |t č. jan.-jún |a SNK |b SNK |y PREZ |7 0 |p 17A0719250 |o snkČSB 4920/2009/1 |i snk2012/4057 |8 0 |0 0 |1 0 |4 0 |d 2012-02-15 |l 0 |r 2026-02-21 20:17:29 |w 2026-02-21 | ||
| 952 | |t č. 1-6 + 11 príl. |a SNK |b SNK |y PREZ |7 0 |p 17A0719252 |o snkČSB 4920/2009/1 D1 |i snk2012/4058 |8 0 |0 0 |1 0 |4 0 |d 2012-02-15 |l 0 |r 2026-02-21 20:17:29 |w 2026-02-21 | ||
| 952 | |t č. júl-dec. |a SNK |b SNK |y PREZ |7 0 |p 17A0719251 |o snkČSB 4920/2009/2 |i snk2012/4059 |8 0 |0 0 |1 0 |4 0 |d 2012-02-15 |l 0 |r 2026-02-21 20:17:29 |w 2026-02-21 | ||
| 952 | |t č. 7-12 + 11 príl. |a SNK |b SNK |y PREZ |7 0 |p 17A0719253 |o snkČSB 4920/2009/2 D1 |i snk2012/4060 |8 0 |0 0 |1 0 |4 0 |d 2012-02-15 |l 0 |r 2026-02-21 20:17:30 |w 2026-02-21 | ||
| 952 | |t č. jan.-jún |a SNK |b SNK |y PREZ |7 0 |p 17A0719225 |o snkČSB 4920/10/2003/1 |i snk2012/3995 |8 0 |0 0 |1 0 |4 0 |d 2012-02-14 |l 0 |r 2026-02-21 20:17:33 |w 2026-02-21 | ||
| 952 | |t č. 1-6 + 7 príl. |a SNK |b SNK |y PREZ |7 0 |p 17A0719227 |o snkČSB 4920/10/2003/1 D1 |i snk2012/3999 |8 0 |0 0 |1 0 |4 0 |d 2012-02-14 |l 0 |r 2026-02-21 20:17:33 |w 2026-02-21 | ||
| 952 | |t č. júl-dec. |a SNK |b SNK |y PREZ |7 0 |p 17A0719226 |o snkČSB 4920/10/2003/2 |i snk2012/4003 |8 0 |z V č. sept. je chybne uvedený roč. 9 - správne roč. 10 |0 0 |1 0 |4 0 |d 2012-02-14 |l 0 |r 2026-02-21 20:17:33 |w 2026-02-21 | ||
| 952 | |t č. jan.-jún |a SNK |b SNK |y PREZ |7 0 |p 17A0719237 |o snkČSB 4920/2006/1 |i snk2012/4021 |8 0 |z Neuvádzajú ročník |0 0 |1 0 |4 0 |d 2012-02-14 |l 0 |r 2026-02-21 20:17:33 |w 2026-02-21 | ||
| 952 | |t č. 7-12 + 11 príl. |a SNK |b SNK |y PREZ |7 0 |p 17A0719249 |o snkČSB 4920/2008/2 D1 |i snk2012/4055 |8 0 |0 0 |1 0 |4 0 |d 2012-02-15 |l 0 |r 2026-02-21 20:17:37 |w 2026-02-21 | ||
| 952 | |t č. jan.-jún + príl. |a SNK |b SNK |y PREZ |7 0 |p 17A0532641 |o snkČSB 4920/1998/1 |i snkČSP 2192/2000 |z Prílohy: Postskriptum stratégie ; Signmaking - sú zviazané s materským titulom ; Roč. nie je uvedený |0 0 |1 0 |4 0 |d 2007-01-03 |l 0 |r 2026-02-21 20:19:03 |w 2026-02-21 | ||
| 952 | |t č. 7-12+ 6 príl. |a SNK |b SNK |y PREZ |7 0 |p 17A0719228 |o snkČSB 4920/10/2003/2 D1 |i snk2012/4006 |8 0 |0 0 |1 0 |4 0 |d 2012-02-14 |l 0 |r 2026-02-21 20:40:30 |w 2026-02-21 | ||
| 952 | |t č. jan.-jún |a SNK |b SNK |y PREZ |7 0 |p 17A0719229 |o snkČSB 4920/11/2004/1 |i snk2012/4009 |8 0 |0 0 |1 0 |4 0 |d 2012-02-14 |l 0 |r 2026-02-21 20:40:30 |w 2026-02-21 | ||
| 952 | |t č. júl-dec. |a SNK |b SNK |y PREZ |7 0 |p 17A0719230 |o snkČSB 4920/11/2004/2 |i snk2012/4013 |8 0 |0 0 |1 0 |4 0 |d 2012-02-14 |l 0 |r 2026-02-21 20:40:30 |w 2026-02-21 | ||
| 952 | |t č. 7-12 + 10 príl. |a SNK |b SNK |y PREZ |7 0 |p 17A0719232 |o snkČSB 4920/11/2004/2 D1 |i snk2012/4015 |8 0 |0 0 |1 0 |4 0 |d 2012-02-14 |l 0 |r 2026-02-21 20:40:30 |w 2026-02-21 | ||
| 952 | |t č. jan.-jún |a SNK |b SNK |y PREZ |7 0 |p 17A0719233 |o snkČSB 4920/12/2005/1 |i snk2012/4017 |8 0 |0 0 |1 0 |4 0 |d 2012-02-14 |l 0 |r 2026-02-21 20:40:30 |w 2026-02-21 | ||
| 952 | |t č. 1-6 + 7 príl. |a SNK |b SNK |y PREZ |7 0 |p 17A0719235 |o snkČSB 4920/12/2005/1 D1 |i snk2012/4018 |8 0 |0 0 |1 0 |4 0 |d 2012-02-14 |l 0 |r 2026-02-21 20:40:30 |w 2026-02-21 | ||
| 952 | |t č. júl-dec. |a SNK |b SNK |y PREZ |7 0 |p 17A0719234 |o snkČSB 4920/12/2005/2 |i snk2012/4019 |8 0 |0 0 |1 0 |4 0 |d 2012-02-14 |l 0 |r 2026-02-21 20:40:30 |w 2026-02-21 | ||
| 952 | |t č. 7-12 + 8 príl. |a SNK |b SNK |y PREZ |7 0 |p 17A0719236 |o snkČSB 4920/12/2005/2 D1 |i snk2012/4020 |8 0 |0 0 |1 0 |4 0 |d 2012-02-14 |l 0 |r 2026-02-21 20:40:30 |w 2026-02-21 | ||
| 952 | |t č. 1-6 + 6 príl. |a SNK |b SNK |y PREZ |7 0 |p 17A0719239 |o snkČSB 4920/2006/1 D1 |i snk2012/4022 |8 0 |0 0 |1 0 |4 0 |d 2012-02-14 |l 0 |r 2026-02-21 20:40:31 |w 2026-02-21 | ||
| 952 | |t č. júl-dec. |a SNK |b SNK |y PREZ |7 0 |p 17A0719238 |o snkČSB 4920/2006/2 |i snk2012/4023 |8 0 |0 0 |1 0 |4 0 |d 2012-02-14 |l 0 |r 2026-02-21 20:40:31 |w 2026-02-21 | ||
| 952 | |t č. 7-12 + 9 príl. |a SNK |b SNK |y PREZ |7 0 |p 17A0719240 |o snkČSB 4920/2006/2 D1 |i snk2012/4024 |8 0 |0 0 |1 0 |4 0 |d 2012-02-14 |l 0 |r 2026-02-21 20:40:31 |w 2026-02-21 | ||
| 952 | |a SNK |b SNK |y PREZ |7 0 |p 17A0299424 |o snkČSB 4920/1998/2 D1 |0 0 |1 0 |4 0 |d 2001-04-26 |l 0 |r 2005-01-02 00:00:00 |w 2026-02-21 | ||
| 952 | |t č. júl-dec. + príl. |a SNK |b SNK |y PREZ |7 0 |p 17A0315973 |o snkČSB 4920/1998/2 |i snkČSP 2194/2000 |z Prílohy: Postskriptum stratégie ; Signmaking ; Moment - sú zviazané s materským titulom |0 0 |1 0 |4 0 |d 2001-09-17 |l 0 |r 2005-01-02 00:00:00 |w 2026-02-21 | ||
| 952 | |a SNK |b SNK |y PREZ |7 0 |p 17A0346373 |o snkČSB 4920/1999/1 D1 |0 0 |1 0 |4 0 |d 2002-06-20 |l 0 |r 2005-01-02 00:00:00 |w 2026-02-21 | ||
| 952 | |t č. jan.-jún + príl. |a SNK |b SNK |y PREZ |7 0 |p 17A0409416 |o snkČSB 4920/5/1999/1 |i snkČSP 2196/2000 |z Prílohy: Sign - zmena názvu Signmaking ; Postskriptum stratégie ; Top 98 v slovenskej reklame - sú zviazané s materským titulom ; ; V r. 2000 je vložený register, ktorý uvádza č. roč. 5 (1999) |0 0 |1 0 |4 0 |d 2004-02-02 |l 0 |r 2005-01-02 00:00:00 |w 2026-02-21 | ||
| 952 | |t č. jan.-dec., neúplné |a SNK |b SNK |y PREZ |7 0 |p 17A0248014 |o snkČSB 4920/2/1996 |i snkČSP 394/2000 |z Chýba č. mar. ; V r. 1997 je register, ktorý uvádza roč. 2 (1996) |0 0 |1 0 |4 0 |d 2000-08-04 |l 0 |r 2005-01-02 00:00:00 |w 2026-02-21 | ||
| 952 | |t č. 1-12, neúplné |a SNK |b SNK |y PREZ |7 0 |p 17A0492311 |o snkČSB 4920/1996 D1 |i snkČSP 395/2000 |z Chýba č. 1-4, 7, 10, 12 |0 0 |1 0 |4 0 |d 2000-08-11 |l 0 |r 2005-01-02 00:00:00 |w 2026-02-21 | ||
| 952 | |t č. jan.-jún, neúplné |a SNK |b SNK |y PREZ |7 0 |p 17A0402087 |o snkČSB 4920/2000/1 |i snkČSP 874/2003 |z Chýba č. mar. ; Má vložený register, v ktorom je uvedený r. 1999, roč. 5 |0 0 |1 0 |4 0 |d 2003-11-03 |l 0 |r 2005-01-02 00:00:00 |w 2026-02-21 | ||
| 952 | |t č. júl-dec. |a SNK |b SNK |y PREZ |7 0 |p 17A0400333 |o snkČSB 4920/2000/2 |i snkČSP 876/2003 |0 0 |1 0 |4 0 |d 2003-11-20 |l 0 |r 2005-01-02 00:00:00 |w 2026-02-21 | ||
| 952 | |a SNK |b SNK |y PREZ |7 0 |p 17A0409303 |o snkČSB 4920/2000/1 D1 |i snkČSP 875/2003 |0 0 |1 0 |4 0 |d 2004-01-30 |l 0 |r 2005-01-02 00:00:00 |w 2026-02-21 | ||
| 952 | |a SNK |b SNK |y PREZ |7 0 |p 17A0425924 |o snkČSB 4920/2000/2 D1 |i snkČSP 877/2003 |0 0 |1 0 |4 0 |d 2004-04-19 |l 0 |r 2005-01-02 00:00:00 |w 2026-02-21 | ||
| 952 | |t č. jan.-jún |a SNK |b SNK |y PREZ |7 0 |p 17A0440593 |o snkČSB 4920/8/2001/1 |i snkČSP 1482/2004 |z Číselné číslovanie sa mení na slovné ; Začali uvádzať roč. 8 |0 0 |1 0 |4 0 |d 2004-10-14 |l 0 |r 2005-01-02 00:00:00 |w 2026-02-21 | ||
| 952 | |a SNK |b SNK |y PREZ |7 0 |p 17A0452889 |o snkČSB 4920/8/2001 D1 |i snkČSP 1483/2004 |0 0 |1 0 |4 0 |d 2004-12-04 |l 0 |r 2005-01-02 00:00:00 |w 2026-02-21 | ||
| 952 | |a SNK |b SNK |y PREZ |7 0 |p 17A0315974 |o snkČSB 4920/1998/1 D1 |i snkČSP 2193/2000 |0 0 |1 0 |4 0 |d 2001-09-17 |l 0 |r 2005-01-02 00:00:00 |w 2026-02-21 | ||
| 952 | |a SNK |b SNK |y PREZ |7 0 |p 17A0454889 |o snkČSB 4920/1996-príl. |3 Rekatalogizácia |0 0 |1 0 |4 0 |d 2005-01-13 |l 0 |r 2026-02-21 21:10:48 |w 2026-02-21 | ||
| 952 | |a SNK |b SNK |y PREZ |7 0 |p 17A1460547 |o snkČSB 4920/23/2017/príl. |i snk2021/11028 |8 0 |z Prílohy: Maloformátová a veľkoformátová tlač ; Direct marketing ; Top automobilové značky na Slovensku |0 0 |1 0 |4 0 |d 2021-08-25 |l 0 |r 2026-02-21 21:29:22 |w 2026-02-21 | ||
| 952 | |a SNK |b SNK |y PREZ |7 0 |p 17A1460545 |o snkČSB 4920/24/2018/príl. |i snk2021/11029 |8 0 |z Prílohy: Top zadávateľov 2018 ; Maloformátová a veľkoformátová tlač ; Direct marketing |0 0 |1 0 |4 0 |d 2021-08-25 |l 0 |r 2026-02-21 21:29:22 |w 2026-02-21 | ||
| 952 | |t 3 ks |a SNK |b SNK |y PREZ |7 0 |p 17A1524863 |o snkČSB 4920/25/2019/príl. |i snk2021/11032 |8 0 |z Prílohy: Maloformátová a veľkoformátová tlač ; Produkčné spoločnosti ; Direkt marketing |0 0 |1 0 |4 0 |d 2021-08-25 |l 0 |r 2026-02-21 21:29:23 |w 2026-02-21 | ||
| 952 | |a SNK |b SNK |y PREZ |7 0 |p 17A1460544 |o snkČSB 4920/23/2017/príl. D1 |i snk2021/11035 |8 0 |z Prílohy: Maloformátová a veľkoformátová tlač ; Direct marketing ; Top automobilové značky na Slovensku |0 0 |1 0 |4 0 |d 2021-08-25 |l 0 |r 2026-02-21 21:29:23 |w 2026-02-21 | ||
| 952 | |a SNK |b SNK |y PREZ |7 0 |p 17A1460543 |o snkČSB 4920/24/2018/príl. D1 |i snk2021/11039 |8 0 |z Prílohy: Maloformátová a veľkoformátová tlač ; Direct marketing |0 0 |1 0 |4 0 |d 2021-08-25 |l 0 |r 2026-02-21 21:29:24 |w 2026-02-21 | ||
| 952 | |a SNK |b SNK |y PREZ |7 0 |p 17A1460542 |o snkČSB 4920/25/2019/príl. D1 |i snk2021/11040 |8 0 |z Prílohy: Maloformátová a veľkoformátová tlač ; Produkčné spoločnosti ; Direct marketing |0 0 |1 0 |4 0 |d 2021-08-25 |l 0 |r 2026-02-21 21:29:24 |w 2026-02-21 | ||
| 952 | |a SNK |b SNK |y PREZ |7 0 |p 17A1266892 |o snkČSB 4920/21/2015/1/príl. |i snk2018/1652 |8 0 |z Prílohy: Digital 2015 ; Maloformátová a veľkoformátová tlač |0 0 |1 0 |4 0 |d 2018-01-22 |l 0 |r 2026-02-21 21:30:48 |w 2026-02-21 | ||
| 952 | |t č. jan.-jún |a SNK |b SNK |y PREZ |7 0 |p 17A1266893 |o snkČSB 4920/21/2015/1 |i snk2018/1649 |8 0 |0 0 |1 0 |4 0 |d 2018-01-22 |l 0 |r 2026-02-21 21:30:59 |w 2026-02-21 | ||
| 952 | |t č. 1-6 + 7 príl. |a SNK |b SNK |y PREZ |7 0 |p 17A0719231 |o snkČSB 4920/11/2004/1 D1 |i snk2012/4012 |8 0 |0 0 |1 0 |4 0 |d 2012-02-14 |l 0 |r 2026-02-21 21:31:56 |w 2026-02-21 | ||
| 952 | |a SNK |b SNK |y PREZ |7 0 |p 17A0425977 |o snkČSB 4920/9/2002/2 D1 |i snkČSP 873/2003 |0 0 |1 0 |4 0 |d 2004-04-16 |l 0 |r 2005-01-02 00:00:00 |w 2026-02-21 | ||
| 952 | |t č. 1-6 + 10 príl. |a SNK |b SNK |y PREZ |7 0 |p 17A1144129 |o snkČSB 4920/2011/1 D1 |i snk2015/15484 |8 0 |0 0 |1 0 |4 0 |d 2015-05-14 |l 0 |r 2026-02-21 21:34:05 |w 2026-02-21 | ||
| 952 | |t č. 7-12 + 9 príl. |a SNK |b SNK |y PREZ |7 0 |p 17A1144128 |o snkČSB 4920/2011/2 D1 |i snk2015/15486 |8 0 |0 0 |1 0 |4 0 |d 2015-05-14 |l 0 |r 2026-02-21 21:34:10 |w 2026-02-21 | ||
| 952 | |t č. 1-6 + 8 príl. |a SNK |b SNK |y PREZ |7 0 |p 17A1144127 |o snkČSB 4920/2012/1 D1 |i snk2015/15493 |8 0 |0 0 |1 0 |4 0 |d 2015-05-14 |l 0 |r 2026-02-21 21:34:10 |w 2026-02-21 | ||
| 952 | |t č. 7-12 + 9 príl. |a SNK |b SNK |y PREZ |7 0 |p 17A1144126 |o snkČSB 4920/2012/2 D1 |i snk2015/15495 |8 0 |0 0 |1 0 |4 0 |d 2015-05-14 |l 0 |r 2026-02-21 21:34:10 |w 2026-02-21 | ||
| 952 | |t č. 1-6, neúplné + 12 príl. |a SNK |b SNK |y PREZ |7 0 |p 17A1144125 |o snkČSB 4920/2013/1 D1 |i snk2015/15530 |8 0 |z chýba č. 5 |0 0 |1 0 |4 0 |d 2015-05-14 |l 0 |r 2026-02-21 21:34:10 |w 2026-02-21 | ||
| 952 | |t č. 7-12 + 9 príl. |a SNK |b SNK |y PREZ |7 0 |p 17A1144124 |o snkČSB 4920/2013/2 D1 |i snk2015/15540 |8 0 |0 0 |1 0 |4 0 |d 2015-05-14 |l 0 |r 2026-02-21 21:34:10 |w 2026-02-21 | ||
| 952 | |t č. jan.-jún |a SNK |b SNK |y PREZ |7 0 |p 17A1144123 |o snkČSB 4920/20/2014/1 |i snk2015/15561 |8 0 |0 0 |1 0 |4 0 |d 2015-05-14 |l 0 |r 2026-02-21 21:34:10 |w 2026-02-21 | ||
| 952 | |t č. júl-dec. |a SNK |b SNK |y PREZ |7 0 |p 17A1144122 |o snkČSB 4920/20/2014/2 |i snk2015/15567 |8 0 |0 0 |1 0 |4 0 |d 2015-05-14 |l 0 |r 2026-02-21 21:34:10 |w 2026-02-21 | ||
| 952 | |t č. jan.-dec. |a SNK |b SNK |y PREZ |7 0 |p 17A1144139 |o snkČSB 4920/2010/1 |i snk2015/15399 |8 0 |0 0 |1 0 |4 0 |d 2015-05-13 |l 0 |r 2026-02-21 21:34:15 |w 2026-02-21 | ||
| 952 | |t č. júl-dec. |a SNK |b SNK |y PREZ |7 0 |p 17A1144138 |o snkČSB 4920/2010/2 |i snk2015/15404 |8 0 |0 0 |1 0 |4 0 |d 2015-05-13 |l 0 |r 2026-02-21 21:34:15 |w 2026-02-21 | ||
| 952 | |t č. jan.-jún |a SNK |b SNK |y PREZ |7 0 |p 17A1144137 |o snkČSB 4920/2011/1 |i snk2015/15408 |8 0 |0 0 |1 0 |4 0 |d 2015-05-13 |l 0 |r 2026-02-21 21:34:15 |w 2026-02-21 | ||
| 952 | |t č. júl-dec. |a SNK |b SNK |y PREZ |7 0 |p 17A1144136 |o snkČSB 4920/2011/2 |i snk2015/15415 |8 0 |0 0 |1 0 |4 0 |d 2015-05-13 |l 0 |r 2026-02-21 21:34:15 |w 2026-02-21 | ||
| 952 | |t č. jan.-jún |a SNK |b SNK |y PREZ |7 0 |p 17A1144135 |o snkČSB 4920/2012/1 |i snk2015/15425 |8 0 |0 0 |1 0 |4 0 |d 2015-05-13 |l 0 |r 2026-02-21 21:34:15 |w 2026-02-21 | ||
| 952 | |t č. júl-dec. |a SNK |b SNK |y PREZ |7 0 |p 17A1144134 |o snkČSB 4920/2012/2 |i snk2015/15435 |8 0 |0 0 |1 0 |4 0 |d 2015-05-13 |l 0 |r 2026-02-21 21:34:15 |w 2026-02-21 | ||
| 952 | |t č. jan.-jún |a SNK |b SNK |y PREZ |7 0 |p 17A1144133 |o snkČSB 4920/19/2013/1 |i snk2015/15439 |8 0 |z V tiráži od č. febr. je uvádzaný ročník - roč. 19 |0 0 |1 0 |4 0 |d 2015-05-13 |l 0 |r 2026-02-21 21:34:15 |w 2026-02-21 | ||
| 952 | |t č. júl-dec. |a SNK |b SNK |y NEVYP |7 1 |p 17A1144132 |o snkČSB 4920/19/2013/2 |i snk2015/15441 |8 0 |0 0 |1 0 |4 0 |d 2015-05-13 |l 0 |r 2026-02-21 21:34:15 |w 2026-02-21 | ||
| 952 | |t č. 1-6 + 7 príl. |a SNK |b SNK |y PREZ |7 0 |p 17A1144131 |o snkČSB 4920/2010/1 D1 |i snk2015/15447 |8 0 |0 0 |1 0 |4 0 |d 2015-05-13 |l 0 |r 2026-02-21 21:34:15 |w 2026-02-21 | ||
| 952 | |t č. 7-12 + 10 príl. |a SNK |b SNK |y PREZ |7 0 |p 17A1144130 |o snkČSB 4920/2010/2 D1 |i snk2015/15450 |8 0 |0 0 |1 0 |4 0 |d 2015-05-13 |l 0 |r 2026-02-21 21:34:15 |w 2026-02-21 | ||
| 952 | |t č. júl-dec. + príl. |a SNK |b SNK |y PREZ |7 0 |p 17A0400814 |o snkČSB 4920/5/1999/2 |i snkČSP 2198/2000 |z Prílohy: Postskriptum stratégie ; Sign - sú zviazané s materským titulom ; ; V r. 2000 je vložený register, ktorý uvádza č. roč. 5 (1999) |0 0 |1 0 |4 0 |d 2003-10-14 |l 0 |r 2005-01-02 00:00:00 |w 2026-02-21 | ||
| 952 | |t č. jan.-jún |a SNK |b SNK |y PREZ |7 0 |p 17A1367518 |o snkČSB 4920/23/2017/1 |i snk2019/14070 |8 0 |0 0 |1 0 |4 0 |d 2019-05-22 |l 0 |r 2026-02-21 22:07:32 |w 2026-02-21 | ||
| 952 | |t č. júl-dec. |a SNK |b SNK |y PREZ |7 0 |p 17A1367519 |o snkČSB 4920/23/2017/2 |i snk2019/14072 |8 0 |0 0 |1 0 |4 0 |d 2019-05-22 |l 0 |r 2026-02-21 22:07:32 |w 2026-02-21 | ||
| 952 | |t č. jan.-jún |a SNK |b SNK |y PREZ |7 0 |p 17A1367520 |o snkČSB 4920/24/2018/1 |i snk2019/14102 |8 0 |0 0 |1 0 |4 0 |d 2019-05-22 |l 0 |r 2026-02-21 22:07:32 |w 2026-02-21 | ||
| 952 | |t č. júl-dec. |a SNK |b SNK |y PREZ |7 0 |p 17A1367521 |o snkČSB 4920/24/2018/2 |i snk2019/14103 |8 0 |0 0 |1 0 |4 0 |d 2019-05-22 |l 0 |r 2026-02-21 22:07:32 |w 2026-02-21 | ||
| 952 | |t č. jan.-jún |a SNK |b SNK |y PREZ |7 0 |p 17A1385711 |o snkČSB 4920/23/2017/1 D1 |i snk2020/1744 |8 0 |0 0 |1 0 |4 0 |d 2020-01-27 |l 0 |r 2026-02-21 22:22:27 |w 2026-02-21 | ||
| 952 | |t č. júl-dec. |a SNK |b SNK |y PREZ |7 0 |p 17A1385710 |o snkČSB 4920/23/2017/2 D1 |i snk2020/1750 |8 0 |0 0 |1 0 |4 0 |d 2020-01-27 |l 0 |r 2026-02-21 22:22:27 |w 2026-02-21 | ||
| 952 | |a SNK |b SNK |y PREZ |7 0 |p 17A1266929 |o snkČSB 4920/2/1996/príl. |i snkČSP 394/2000 |z Obsahuje 7 mim. príl.: Postskriptum stratégie ; Chýbajú 3 prílohy |0 0 |1 0 |4 0 |d 2018-01-16 |l 0 |r 2026-02-21 22:25:58 |w 2026-02-21 | ||
| 952 | |a SNK |b SNK |y PREZ |7 0 |p 17A1266922 |o snkČSB 4920/9/2002/2/príl. |i snkČSP 872/2003 |z Prílohy: Stratégie plus - júl-dec., ch. okt., 2x sept. ; Online 2002 |0 0 |1 0 |4 0 |d 2018-01-18 |l 0 |r 2026-02-21 22:25:59 |w 2026-02-21 | ||
| 952 | |a SNK |b SNK |y PREZ |7 0 |p 17A1266921 |o snkČSB 4920/10/2003/1/príl. |i snk2012/3995 |8 0 |z Prílohy: Stratégie plus - jan., febr., apr., jún ; Sign ; Médiá 2002 |0 0 |1 0 |4 0 |d 2018-01-18 |l 0 |r 2026-02-21 22:26:00 |w 2026-02-21 | ||
| 952 | |a SNK |b SNK |y PREZ |7 0 |p 17A1266920 |o snkČSB 4920/10/2003/2/príl. |i snk2012/4003 |8 0 |z Prílohy: Stratégie plus - júl, okt., nov., ; Online 2003 |0 0 |1 0 |4 0 |d 2018-01-18 |l 0 |r 2026-02-21 22:26:05 |w 2026-02-21 | ||
| 952 | |a SNK |b SNK |y PREZ |7 0 |p 17A1266919 |o snkČSB 4920/11/2004/1/príl. |i snk2012/4009 |8 0 |z Prílohy: Stratégie plus - jan., febr., apr., jún ; Sign ; Médiá 2003 |0 0 |1 0 |4 0 |d 2018-01-18 |l 0 |r 2026-02-21 22:26:05 |w 2026-02-21 | ||
| 952 | |a SNK |b SNK |y PREZ |7 0 |p 17A1266918 |o snkČSB 4920/11/2004/2/príl. |i snk2012/4013 |8 0 |z Prílohy: Stratégie plus - júl, aug., 2x sept., 2x nov., dec. ; Online 2004 ; Kronika stratégií |0 0 |1 0 |4 0 |d 2018-01-18 |l 0 |r 2026-02-21 22:26:05 |w 2026-02-21 | ||
| 952 | |a SNK |b SNK |y PREZ |7 0 |p 17A1266928 |o snkČSB 4920/2000/1/príl. |i snkČSP 874/2003 |z Prílohy: Postskriptum stratégie - február-máj |0 0 |1 0 |4 0 |d 2018-01-17 |l 0 |r 2026-02-21 22:26:06 |w 2026-02-21 | ||
| 952 | |a SNK |b SNK |y PREZ |7 0 |p 17A1266927 |o snkČSB 4920/2000/2/príl. |i snkČSP 876/2003 |z Prílohy: Postskriptum stratégie ; Sign |0 0 |1 0 |4 0 |d 2018-01-17 |l 0 |r 2026-02-21 22:26:06 |w 2026-02-21 | ||
| 952 | |a SNK |b SNK |y PREZ |7 0 |p 17A1266926 |o snkČSB 4920/8/2001/1/príl. |i snkČSP 1482/2004 |z Prílohy: Stratégie plus ; Sign ; Internet online 2001 ; Médiá 2000 |0 0 |1 0 |4 0 |d 2018-01-17 |l 0 |r 2026-02-21 22:26:06 |w 2026-02-21 | ||
| 952 | |a SNK |b SNK |y PREZ |7 0 |p 17A1266905 |o snkČSB 4920/2011/1/príl. |i snk2015/15408 |8 0 |z Prílohy: Stratégie plus - jan., febr., jún ; Médiá 2010 |0 0 |1 0 |4 0 |d 2018-01-19 |l 0 |r 2026-02-21 22:26:07 |w 2026-02-21 | ||
| 952 | |a SNK |b SNK |y PREZ |7 0 |p 17A1266904 |o snkČSB 4920/2011/2/príl. |i snk2015/15415 |8 0 |z Prílohy: Kreativita 2011 ; Digital ; Out of home katalog 2011 ; Direct marketing ; Výstavníctvo |0 0 |1 0 |4 0 |d 2018-01-19 |l 0 |r 2026-02-21 22:26:07 |w 2026-02-21 | ||
| 952 | |a SNK |b SNK |y PREZ |7 0 |p 17A1266903 |o snkČSB 4920/2012/1/príl. |i snk2015/15425 |8 0 |z Prílohy: Kronika marketingu, reklamy a médií 2011 ; Zlatá minca ; Polygrafia 2012 ; Kreativita 2012 |0 0 |1 0 |4 0 |d 2018-01-19 |l 0 |r 2026-02-21 22:26:07 |w 2026-02-21 | ||
| 952 | |a SNK |b SNK |y PREZ |7 0 |p 17A1266902 |o snkČSB 4920/2012/2/príl. |i snk2015/15435 |8 0 |z Prílohy: Digital 2012 ; Out of home katalóg 2012 ; Direct marketing 2012 ; Výstavníctvo |0 0 |1 0 |4 0 |d 2018-01-19 |l 0 |r 2026-02-21 22:26:07 |w 2026-02-21 | ||
| 952 | |a SNK |b SNK |y PREZ |7 0 |p 17A1266901 |o snkČSB 4920/19/2013/1/príl. |i snk2015/15439 |8 0 |z Prílohy: Digital 2013 ; Polygrafia 2013 |0 0 |1 0 |4 0 |d 2018-01-19 |l 0 |r 2026-02-21 22:26:07 |w 2026-02-21 | ||
| 952 | |a SNK |b SNK |y NEVYP |7 1 |p 17A1266900 |o snkČSB 4920/19/2013/2/príl. |i snk2015/15441 |8 0 |z Prílohy: Kreativita 2013 ; Out of home katalóg 2013 ; Direct marketing 2013 ; Výstavníctvo 2013 |0 0 |1 0 |4 0 |d 2018-01-19 |l 0 |r 2026-02-21 22:26:07 |w 2026-02-21 | ||
| 952 | |a SNK |b SNK |y PREZ |7 0 |p 17A1266917 |o snkČSB 4920/12/2005/1/príl. |i snk2012/4017 |8 0 |z Prílohy: Strtégie plus - jan., febr., apr., jún ; Out of home 2005 ; Médiá 2004 |0 0 |1 0 |4 0 |d 2018-01-18 |l 0 |r 2026-02-21 22:26:08 |w 2026-02-21 | ||
| 952 | |a SNK |b SNK |y PREZ |7 0 |p 17A1266916 |o snkČSB 4920/12/2005/2/príl. |i snk2012/4019 |8 0 |z Prílohy: Stratégie plus - júl, sept., nov., dec. ; Indoor 2005 ; Online 2005 |0 0 |1 0 |4 0 |d 2018-01-18 |l 0 |r 2026-02-21 22:26:08 |w 2026-02-21 | ||
| 952 | |a SNK |b SNK |y PREZ |7 0 |p 17A1266915 |o snkČSB 4920/2006/1/príl. |i snk2012/4021 |8 0 |z Prílohy: Stratégie plus - jan., febr., apr., jún ; Médiá 2005 |0 0 |1 0 |4 0 |d 2018-01-18 |l 0 |r 2026-02-21 22:26:09 |w 2026-02-21 | ||
| 952 | |a SNK |b SNK |y PREZ |7 0 |p 17A1266914 |o snkČSB 4920/2006/2/príl. |i snk2012/4023 |8 0 |z Prílohy: Stratégie plus - júl, sept., nov., dec. ; Indoor 2006 ; Online 2006 ; Nové médiá 2006 |0 0 |1 0 |4 0 |d 2018-01-18 |l 0 |r 2026-02-21 22:26:09 |w 2026-02-21 | ||
| 952 | |a SNK |b SNK |y PREZ |7 0 |p 17A1266913 |o snkČSB 4920/2007/1/príl. |i snk2012/4041 |8 0 |z Prílohy: Stratégie plus - jan., apr., jún ; Médiá 2006 |0 0 |1 0 |4 0 |d 2018-01-18 |l 0 |r 2026-02-21 22:26:09 |w 2026-02-21 | ||
| 952 | |a SNK |b SNK |y PREZ |7 0 |p 17A1266912 |o snkČSB 4920/2007/2/príl. |i snk2012/4045 |8 0 |z Prílohy: Stratégie plus - aug.-dec. ; Nové médiá 2007 |0 0 |1 0 |4 0 |d 2018-01-18 |l 0 |r 2026-02-21 22:26:09 |w 2026-02-21 | ||
| 952 | |a SNK |b SNK |y PREZ |7 0 |p 17A1266911 |o snkČSB 4920/2008/1/príl. |i snk2012/4049 |8 0 |z Prílohy: Stratégie plus - jan.-jún ; Médiá 2007 |0 0 |1 0 |4 0 |d 2018-01-18 |l 0 |r 2026-02-21 22:26:09 |w 2026-02-21 | ||
| 952 | |a SNK |b SNK |y PREZ |7 0 |p 17A1266910 |o snkČSB 4920/2008/2/príl. |i snk2012/4054 |8 0 |z Prílohy: Stratégie plus - aug., okt., nov., 2x dec. ; Nové médiá 2008 |0 0 |1 0 |4 0 |d 2018-01-18 |l 0 |r 2026-02-21 22:26:09 |w 2026-02-21 | ||
| 952 | |t č. júl-dec. |a SNK |b SNK |y PREZ |7 0 |p 17A1266925 |o snkČSB 4920/8/2001/2 |i snkČSP 1482/2004 |0 0 |1 0 |4 0 |d 2018-01-17 |l 0 |r 2026-02-21 22:26:09 |w 2026-02-21 | ||
| 952 | |a SNK |b SNK |y PREZ |7 0 |p 17A1266924 |o snkČSB 4920/8/2001/2/príl. |i snkČSP 1482/2004 |z Prílohy: Stratégie plus |0 0 |1 0 |4 0 |d 2018-01-17 |l 0 |r 2026-02-21 22:26:09 |w 2026-02-21 | ||
| 952 | |a SNK |b SNK |y PREZ |7 0 |p 17A1266899 |o snkČSB 4920/20/2014/1/príl. |i snk2015/15561 |8 0 |z Prílohy: Veľkoformátová a maloformátová tlač ; Digital 2014 |0 0 |1 0 |4 0 |d 2018-01-19 |l 0 |r 2026-02-21 22:26:09 |w 2026-02-21 | ||
| 952 | |a SNK |b SNK |y PREZ |7 0 |p 17A1266898 |o snkČSB 4920/20/2014/2/príl. |i snk2015/15567 |8 0 |z Prílohy: Kreativita 2014 ; Shopper marketing 2014 ; 3D superkatalóg ; Direct marketing 2014 ; Stratégie - exkluzívna príloha ; Out of home katalóg 2014 ; Výstavníctvo |0 0 |1 0 |4 0 |d 2018-01-19 |l 0 |r 2026-02-21 22:26:09 |w 2026-02-21 | ||
| 952 | |t č. jan.-jún |a SNK |b SNK |y PREZ |7 0 |p 17A1266897 |o snkČSB 4920/20/2014/1 D1 |i snk2018/1619 |8 0 |0 0 |1 0 |4 0 |d 2018-01-19 |l 0 |r 2026-02-21 22:26:09 |w 2026-02-21 | ||
| 952 | |a SNK |b SNK |y PREZ |7 0 |p 17A1266896 |o snkČSB 4920/20/2014/1/príl. D1 |i snk2018/1627 |8 0 |z Prílohy: Marketingový výskum 2014 ; Top udalosti 2013 ; Veľkoformátová a maloformátová tlač ; Digital 2014 ; Eventy 2014 ; Mediálne agentúry a mádiá 2014 ; PR agentúry 2014 |0 0 |1 0 |4 0 |d 2018-01-19 |l 0 |r 2026-02-21 22:26:09 |w 2026-02-21 | ||
| 952 | |t č. júl-dec., neúplné |a SNK |b SNK |y PREZ |7 0 |p 17A1266895 |o snkČSB 4920/20/2014/2 D1 |i snk2018/1634 |8 0 |z Chýba č. nov. |0 0 |1 0 |4 0 |d 2018-01-19 |l 0 |r 2026-02-21 22:26:09 |w 2026-02-21 | ||
| 952 | |a SNK |b SNK |y PREZ |7 0 |p 17A1266894 |o snkČSB 4920/20/2014/2/príl. D1 |i snk2018/1636 |8 0 |z Prílohy: Kreativita 2014 ; Shopper marketing 2014 ; 3D superkatalóg ; Direct marketing 2014 ; Výstavníctvo |0 0 |1 0 |4 0 |d 2018-01-19 |l 0 |r 2026-02-21 22:26:09 |w 2026-02-21 | ||
| 952 | |a SNK |b SNK |y PREZ |7 0 |p 17A1266909 |o snkČSB 4920/2009/1/príl. |i snk2012/4057 |8 0 |z Prílohy: Stratégie plus - jan., febr., apr., jún ; PR agentúry ; Médiá 2008 ; Direct marketing |0 0 |1 0 |4 0 |d 2018-01-18 |l 0 |r 2026-02-21 22:26:10 |w 2026-02-21 | ||
| 952 | |a SNK |b SNK |y PREZ |7 0 |p 17A1266908 |o snkČSB 4920/2009/2/príl. |i snk2012/4059 |8 0 |z Prílohy: Stratégie plus - aug., nov., dec. ; Digital ; Eventy ; Stratégie - komerčná príloha ; Nové médiá 2009 |0 0 |1 0 |4 0 |d 2018-01-18 |l 0 |r 2026-02-21 22:26:10 |w 2026-02-21 | ||
| 952 | |a SNK |b SNK |y PREZ |7 0 |p 17A1266907 |o snkČSB 4920/2010/1/príl. |i snk2015/15399 |8 0 |z Prílohy: Stratégie plus - jan., mar., jún ; Médiá 2009 |0 0 |1 0 |4 0 |d 2018-01-18 |l 0 |r 2026-02-21 22:26:10 |w 2026-02-21 | ||
| 952 | |a SNK |b SNK |y PREZ |7 0 |p 17A1266906 |o snkČSB 4920/2010/2/príl. |i snk2015/15404 |8 0 |z Prílohy: Stratégie plus - dec. ; Digital |0 0 |1 0 |4 0 |d 2018-01-18 |l 0 |r 2026-02-21 22:26:10 |w 2026-02-21 | ||
| 952 | |t č. júl-dec. |a SNK |b SNK |y PREZ |7 0 |p 17A1266891 |o snkČSB 4920/21/2015/2 |i snk2018/1653 |8 0 |0 0 |1 0 |4 0 |d 2018-01-22 |l 0 |r 2026-02-21 22:26:12 |w 2026-02-21 | ||
| 952 | |a SNK |b SNK |y PREZ |7 0 |p 17A1266890 |o snkČSB 4920/21/2015/2/príl. |i snk2018/1654 |8 0 |z Prílohy: 3D superkatalóg ; Out of home katalóg 2015 ; Shopper marketing ; Výstavníctvo ; Direct marketing |0 0 |1 0 |4 0 |d 2018-01-22 |l 0 |r 2026-02-21 22:26:12 |w 2026-02-21 | ||
| 952 | |t č. jan.-jún |a SNK |b SNK |y PREZ |7 0 |p 17A1266889 |o snkČSB 4920/22/2016/1 |i snk2018/1657 |8 0 |0 0 |1 0 |4 0 |d 2018-01-22 |l 0 |r 2026-02-21 22:26:12 |w 2026-02-21 | ||
| 952 | |a SNK |b SNK |y PREZ |7 0 |p 17A1266888 |o snkČSB 4920/22/2016/1/príl. |i snk2018/1660 |8 0 |z Prílohy: Veľkoformátová a maloformátová tlač |0 0 |1 0 |4 0 |d 2018-01-22 |l 0 |r 2026-02-21 22:26:12 |w 2026-02-21 | ||
| 952 | |t č. júl-dec. |a SNK |b SNK |y PREZ |7 0 |p 17A1266887 |o snkČSB 4920/22/2016/2 |i snk2018/1662 |8 0 |0 0 |1 0 |4 0 |d 2018-01-22 |l 0 |r 2026-02-21 22:26:12 |w 2026-02-21 | ||
| 952 | |a SNK |b SNK |y PREZ |7 0 |p 17A1266886 |o snkČSB 4920/22/2016/2/príl. |i snk2018/1664 |8 0 |z Prílohy: 3D superkatalóg ; Out of home katalóg 2016 ; Direct marketing |0 0 |1 0 |4 0 |d 2018-01-22 |l 0 |r 2026-02-21 22:26:12 |w 2026-02-21 | ||
| 952 | |t č. jan.-jún |a SNK |b SNK |y PREZ |7 0 |p 17A1266885 |o snkČSB 4920/21/2015/1 D1 |i snk2018/1668 |8 0 |0 0 |1 0 |4 0 |d 2018-01-22 |l 0 |r 2026-02-21 22:26:12 |w 2026-02-21 | ||
| 952 | |a SNK |b SNK |y PREZ |7 0 |p 17A1266884 |o snkČSB 4920/21/2015/1/príl. D1 |i snk2018/1669 |8 0 |z Prílohy: Marketingový výskum ; Top udalosti 2014 ; Eventy 2015 ; Digital 2015 ; PR agentúry 2015 ; Maloformátová a veľkoformátová tlač ; Mediálne agentúry a médiá 2014-2015 |0 0 |1 0 |4 0 |d 2018-01-22 |l 0 |r 2026-02-21 22:26:12 |w 2026-02-21 | ||
| 952 | |t č. júl-dec. |a SNK |b SNK |y PREZ |7 0 |p 17A1266883 |o snkČSB 4920/21/2015/2 D1 |i snk2018/1672 |8 0 |0 0 |1 0 |4 0 |d 2018-01-22 |l 0 |r 2026-02-21 22:26:15 |w 2026-02-21 | ||
| 952 | |a SNK |b SNK |y PREZ |7 0 |p 17A1266882 |o snkČSB 4920/21/2015/2/príl. D1 |i snk2018/1675 |8 0 |z Prílohy: 3D superkatalóg ; Out of home katalóg 2015 ; Shopper marketing ; Direct marketing ; Výstavníctvo |0 0 |1 0 |4 0 |d 2018-01-22 |l 0 |r 2026-02-21 22:26:15 |w 2026-02-21 | ||
| 952 | |t č. jan.-jún |a SNK |b SNK |y PREZ |7 0 |p 17A1266881 |o snkČSB 4920/22/2016/1 D1 |i snk2018/1681 |8 0 |0 0 |1 0 |4 0 |d 2018-01-22 |l 0 |r 2026-02-21 22:26:15 |w 2026-02-21 | ||
| 952 | |a SNK |b SNK |y PREZ |7 0 |p 17A1266880 |o snkČSB 4920/22/2016/1/príl. D1 |i snk2018/1684 |8 0 |z Prílohy: Marketingový výskum ; Top udalosti 2015 ; Eventy 2016 ; PR agentúry 2016 ; Digitálne agentúry 2016 ; Mesiálne agentúry a médiá 2015-2016 ; Veľkoformátová a maloformátová tlač |0 0 |1 0 |4 0 |d 2018-01-22 |l 0 |r 2026-02-21 22:26:15 |w 2026-02-21 | ||
| 952 | |t č. júl-dec. |a SNK |b SNK |y PREZ |7 0 |p 17A1266879 |o snkČSB 4920/22/2016/2 D1 |i snk2018/1689 |8 0 |0 0 |1 0 |4 0 |d 2018-01-22 |l 0 |r 2026-02-21 22:26:15 |w 2026-02-21 | ||
| 952 | |a SNK |b SNK |y PREZ |7 0 |p 17A1266878 |o snkČSB 4920/22/2016/2/príl. D1 |i snk2018/1692 |8 0 |z Prílohy: Kto je kto ; 3D superkatalóg ; Out of home katalóg 2016 ; Direct marketing |0 0 |1 0 |4 0 |d 2018-01-22 |l 0 |r 2026-02-21 22:26:15 |w 2026-02-21 | ||


